|
|
|
|
| LEADER |
00000cam a2200000 7i4500 |
| 001 |
0000066565 |
| 005 |
20110130093000.0 |
| 008 |
100713s2010 flu eng |
| 020 |
|
|
|a 1439800995 (hbk.)
|
| 020 |
|
|
|a 9781439800997 (hbk.)
|
| 090 |
0 |
0 |
|a HD31
|b .F24 2010
|
| 100 |
1 |
|
|a Farley, James J. ,
|e author
|
| 245 |
1 |
4 |
|a The executive MBA for engineers and scientists
|c James J. Farley
|
| 250 |
|
|
|a 2nd ed
|
| 260 |
|
|
|a Boca Raton, FL :
|b CRC Press/Taylor & Francis ,
|c c2010
|
| 300 |
|
|
|a xx, 267 p. :
|b ill. ;
|c 25 cm.
|
| 500 |
|
|
|a Edition statement from CIP data
|
| 500 |
|
|
|a Includes index
|
| 650 |
|
0 |
|a Management
|
| 650 |
|
0 |
|a Profit
|
| 999 |
|
|
|a 1000135033
|b Book
|c OPEN SHELF (30 DAYS)
|e Gong Badak Campus
|